000 00839cam a2200253 4500
001 ABS62431
008 000000n2000 000 0 eng u
035 _a(Sirsi) u106747
100 _aSmith, K.
245 _aHistoric opportunity
260 _c2000
490 _aProperty Week
_v65(24) 16 June 2000, 34-35(2)
520 _aConsiders the likely impact on developers and building owners of English Heritage's wide-ranging review of the historic environment, due to report in November.
590 _aABS
650 _aHISTORIC ENVIRONMENT
650 _aENGLISH HERITAGE
650 _aHISTORIC BUILDINGS
650 _aLISTED BUILDINGS
650 _aCONSERVATION AREAS
650 _aREGENERATION
650 _aPPG15
690 _aBUILT ENVIRONMENT-BUILDING MAINTENANCE AND REFURBISHMENT-BUILDING CONSERVATION
942 _n0
999 _c63887
_d63887